000 00773nas a2200229 4500
001 BR9206993
003 BR-BrBNA
005 20231205100444.0
007 ta
008 230509b bl.|||p| |||| 00| 00por d
040 _aBR-BrBNA
_bpor
_cBiblioteca Nacional de Agricultura
041 _a(Pt)
072 _aF01
100 1 _aLima, A.M.L.P.
100 1 _aHaag, H.P.
245 1 _aNutricao mineral de plantas ornamentais 14. Crescimento do crisantemo (Chrysanthemum mrifolium)cultivar Golden Polaris
650 _aCrisantemo
650 _aCurva de Crescimento
773 0 _tAnais da Escola Superior de Agricultura Luiz de Queiroz (Brazil)
_xISSN 0071-1276
_g(1987), v. 44(2) p. 1331-1340
_wBR9206993
909 _a202311
_bLúcia
_c55
_dLúcia Elande
942 _2AGRIS
_n0
_cANA
999 _c156120
_d156120